Ιστορία της Ελευσίνας : απο την βυζαντινή περίοδο μέχρι σήμερα

Αποθηκεύτηκε σε:
Λεπτομέρειες βιβλιογραφικής εγγραφής
Κύριος συγγραφέας: Σφυρόερας, Βασίλης Βλ. 1921-
Μορφή: Βιβλίο
Γλώσσα:Greek
Δημοσίευση: Ελευσίνα : Δήμος Ελευσίνας, 1985
Θέματα:
Ετικέτες: Προσθήκη ετικέτας
Δεν υπάρχουν, Καταχωρήστε ετικέτα πρώτοι!

MARC

LEADER 00000cam a2200000 i 4500
001 1/45543
008 070605s1985 gr | ||| |||| ||gre||
035 |l 10088148 
040 |a GR-MY-UA  |b gre  |e aacr 
041 0 |a gre 
082 0 |a 938.24  |2 (22) 
100 1 |a Σφυρόερας, Βασίλης Βλ.  |d 1921- 
245 1 0 |a Ιστορία της Ελευσίνας :  |b απο την βυζαντινή περίοδο μέχρι σήμερα /  |c Βασ. Βλ. Σφυροέρα 
260 |a Ελευσίνα :   |b Δήμος Ελευσίνας,   |c 1985 
300 |a 206 σ.;  |b εικ.;  |c 24 εκ. 
504 |a Βιβλιογραφία: σ. 181 - 186 
651 0 |a Eleusis (Greece)  |x History. 
852 |a INST  |b RHODES  |e 20070605  |h 938.24 ΣΦΥ  |p 005400026453  |q 005400026453  |t BK  |y 0 
901 |a BIBL4-2007-2 
909 |a Ρ  |b 101716 
970 |a ΜΙΣΣΟΣ  |b ΣΤΑΥΡΟΣ  |z 2007/06/05